000 00333nam a22001457a 4500
008 211013b ||||| |||| 00| 0 eng d
020 _a9780030260360
041 _aeng
080 _24th
_a541
082 _a541
100 _a12
101 _aKIM
245 _aChemistry Principles and Reactions
_cMasterton,W.L
942 _2udc
_cBK
999 _c58217
_d58217